Baptized with fire: (Record no. 14234)

000 -LEADER
fixed length control field 00704nam a2200193 a 4500
001 - CONTROL NUMBER
control field :::00012063$&:&@@
003 - CONTROL NUMBER IDENTIFIER
control field OkBaRHE
005 - DATE AND TIME OF LATEST TRANSACTION
control field 20000607103415.0
008 - FIXED-LENGTH DATA ELEMENTS--GENERAL INFORMATION
fixed length control field s1983 j 000 0 eng u
040 ## - CATALOGING SOURCE
Transcribing agency
100 1# - MAIN ENTRY--PERSONAL NAME
Personal name Wood, Dillard L.
245 10 - TITLE STATEMENT
Title Baptized with fire:
Remainder of title a history of the Pentecostal Fire-Baptized Holiness Church.
260 ## - PUBLICATION, DISTRIBUTION, ETC. (IMPRINT)
Place of publication, distribution, etc Franklin Springs, GA., :
Name of publisher, distributor, etc Advocate Press
Date of publication, distribution, etc 1983
300 ## - PHYSICAL DESCRIPTION
Extent 172 p. : illus. ;
Dimensions 23 cm.
650 ## - SUBJECT ADDED ENTRY--TOPICAL TERM
Topical term or geographic name as entry element Pentecostal Fire-Baptized Holiness Church (U.S.)
General subdivision History
700 ## - ADDED ENTRY--PERSONAL NAME
Personal name Preskitt, William H., Joint author.
942 ## - ADDED ENTRY ELEMENTS (KOHA)
Source of classification or shelving scheme
Koha item type Books
Copies
Full call number Source of classification or shelving scheme Date last seen Koha item type Copy number Damaged status Date acquired Price effective from Permanent Location Withdrawn status Shelving location Barcode Not for loan Lost status
BX 8773.7 .A4W66 2012-03-20Books1 2010-04-142010-04-14RHEMA Bible Training College General Stacks12063